| 000 | 01085nam a2200289 b 4500 | ||
|---|---|---|---|
| 005 | 20150609135908.0 | ||
| 008 | 150609s2003 sp a fr ||1 ||spa | ||
| 020 | _a8484324656 | ||
| 020 | _a9788484328100 | ||
| 035 | _a(OCoLC)53143785 | ||
| 040 |
_aCO-BoUCM _bspa _cJose A. Gerena _dJose A. Gerena |
||
| 041 | 1 |
_aspa _heng |
|
| 100 | 1 |
_aGray, Jeremy _969509 |
|
| 245 | 1 | 3 |
_aEl reto de Hilbert _blos 23 problemas que desafiaron a la matemática _cJeremy J. Gray ; traducción castellana de Javier García Sanz |
| 260 |
_aBarcelona (España) _bCrítica _c2003 |
||
| 300 |
_a351 páginas _bilustraciones |
||
| 490 | 1 | _aDrakontos | |
| 504 | _aIncluye referencias bibliográficas e índices | ||
| 600 | 1 | 7 |
_aHilbert, David _d1862-1943 _xCrítica e interpretación _969510 |
| 650 | 7 |
_aFilosofía de las matemáticas _915784 |
|
| 650 | 7 |
_aTeoría matemática _925323 |
|
| 690 |
_942870 _aMatemáticas |
||
| 700 | 1 |
_aGarcía Sanz, Javier _etraductor _931595 |
|
| 765 | 1 | _tThe Hilbert challenge | |
| 942 |
_2DEWEY _a25 _cLIBRO _e1 _h510.1 _mG778 |
||
| 999 |
_c298986 _d298986 |
||